<?xml version="1.0" encoding="UTF-8"?>
<marc:record xmlns:marc="http://www.loc.gov/MARC21/slim" type="Bibliographic">
   <marc:leader>00000pam a2200000 c 4500</marc:leader>
   <marc:controlfield tag="001">97328353X</marc:controlfield>
   <marc:controlfield tag="003">DE-101</marc:controlfield>
   <marc:controlfield tag="005">20171203173409.0</marc:controlfield>
   <marc:controlfield tag="007">tu</marc:controlfield>
   <marc:controlfield tag="008">050103s2004    sz ||||| |||| 00||||ger  </marc:controlfield>
   <marc:datafield ind1=" " ind2=" " tag="015">
      <marc:subfield code="a">05,A08,0210</marc:subfield>
      <marc:subfield code="z">05,N04,0302</marc:subfield>
      <marc:subfield code="2">dnb</marc:subfield>
   </marc:datafield>
   <marc:datafield ind1="7" ind2=" " tag="016">
      <marc:subfield code="2">DE-101</marc:subfield>
      <marc:subfield code="a">97328353X</marc:subfield>
   </marc:datafield>
   <marc:datafield ind1=" " ind2=" " tag="020">
      <marc:subfield code="a">9783717111283</marc:subfield>
      <marc:subfield code="c">kart. : EUR 11.30, sfr 16.00</marc:subfield>
      <marc:subfield code="9">978-3-7171-1128-3</marc:subfield>
   </marc:datafield>
   <marc:datafield ind1=" " ind2=" " tag="020">
      <marc:subfield code="a">3717111280</marc:subfield>
      <marc:subfield code="c">kart. : EUR 11.30, sfr 16.00</marc:subfield>
      <marc:subfield code="9">3-7171-1128-0</marc:subfield>
   </marc:datafield>
   <marc:datafield ind1="3" ind2=" " tag="024">
      <marc:subfield code="a">9783717111283</marc:subfield>
   </marc:datafield>
   <marc:datafield ind1=" " ind2=" " tag="035">
      <marc:subfield code="a">(DE-599)DNB97328353X</marc:subfield>
   </marc:datafield>
   <marc:datafield ind1=" " ind2=" " tag="035">
      <marc:subfield code="a">(OCoLC)76633008</marc:subfield>
   </marc:datafield>
   <marc:datafield ind1=" " ind2=" " tag="040">
      <marc:subfield code="a">1145</marc:subfield>
      <marc:subfield code="b">ger</marc:subfield>
      <marc:subfield code="c">DE-101</marc:subfield>
      <marc:subfield code="d">9999</marc:subfield>
   </marc:datafield>
   <marc:datafield ind1=" " ind2=" " tag="041">
      <marc:subfield code="a">ger</marc:subfield>
      <marc:subfield code="h">fre</marc:subfield>
   </marc:datafield>
   <marc:datafield ind1=" " ind2=" " tag="044">
      <marc:subfield code="c">XA-CH</marc:subfield>
   </marc:datafield>
   <marc:datafield ind1="7" ind2="4" tag="082">
      <marc:subfield code="a">230</marc:subfield>
      <marc:subfield code="q">DE-101</marc:subfield>
      <marc:subfield code="2">22sdnb</marc:subfield>
   </marc:datafield>
   <marc:datafield ind1=" " ind2=" " tag="090">
      <marc:subfield code="a">b</marc:subfield>
   </marc:datafield>
   <marc:datafield ind1="1" ind2=" " tag="100">
      <marc:subfield code="0">(DE-588)117030791</marc:subfield>
      <marc:subfield code="0">https://d-nb.info/gnd/117030791</marc:subfield>
      <marc:subfield code="0">(DE-101)117030791</marc:subfield>
      <marc:subfield code="a">Huber, Georges</marc:subfield>
      <marc:subfield code="d">1910-2003</marc:subfield>
      <marc:subfield code="e">Verfasser</marc:subfield>
      <marc:subfield code="4">aut</marc:subfield>
      <marc:subfield code="2">gnd</marc:subfield>
   </marc:datafield>
   <marc:datafield ind1="1" ind2="0" tag="245">
      <marc:subfield code="a">Niklaus Wolf von Rippertschwand (1756 - 1832)</marc:subfield>
      <marc:subfield code="c">Georges Huber. Mit einem Vorw. von Henri Schwery. [Von Carl Franz Müller übers.]</marc:subfield>
   </marc:datafield>
   <marc:datafield ind1=" " ind2=" " tag="250">
      <marc:subfield code="a">1. Aufl., 1. - 3. Tsd.</marc:subfield>
   </marc:datafield>
   <marc:datafield ind1=" " ind2=" " tag="259">
      <marc:subfield code="a">11</marc:subfield>
   </marc:datafield>
   <marc:datafield ind1=" " ind2="1" tag="264">
      <marc:subfield code="a">Stein am Rhein</marc:subfield>
      <marc:subfield code="b">Christiana-Verl.</marc:subfield>
      <marc:subfield code="c">2004</marc:subfield>
   </marc:datafield>
   <marc:datafield ind1=" " ind2=" " tag="300">
      <marc:subfield code="a">156 S.</marc:subfield>
      <marc:subfield code="b">Ill.</marc:subfield>
      <marc:subfield code="c">18 cm</marc:subfield>
   </marc:datafield>
   <marc:datafield ind1=" " ind2=" " tag="336">
      <marc:subfield code="a">Text</marc:subfield>
      <marc:subfield code="b">txt</marc:subfield>
      <marc:subfield code="2">rdacontent</marc:subfield>
   </marc:datafield>
   <marc:datafield ind1=" " ind2=" " tag="337">
      <marc:subfield code="a">ohne Hilfsmittel zu benutzen</marc:subfield>
      <marc:subfield code="b">n</marc:subfield>
      <marc:subfield code="2">rdamedia</marc:subfield>
   </marc:datafield>
   <marc:datafield ind1=" " ind2=" " tag="338">
      <marc:subfield code="a">Band</marc:subfield>
      <marc:subfield code="b">nc</marc:subfield>
      <marc:subfield code="2">rdacarrier</marc:subfield>
   </marc:datafield>
   <marc:datafield ind1=" " ind2=" " tag="520">
      <marc:subfield code="a">Georges Huber hat in diesem Buch eine meisterhafte Biografie über Niklaus Wolf verfasst. Kardinal Henri Schwery verfasste dazu ein zündendes Vorwort. Niklaus Wolf war Bauer, breit gebaut und kräftig, Inhaber eines stattlichen Hofes, modern und rationell eingerichtet. Er war Mitglied des Großen Rates in Luzern. Der liberale Zeitgeist langweilte ihn, er wurde ein leidenschaftlicher Gottsucher, betete jede Nacht drei Stunden lang. Bei einer lebensgefährlichen Verletzung wurde er durch die Anrufung des Namens Jesus plötzlich geheilt. Andere Menschen kamen und baten um sein Gebet. Das Heilen wurde seine große Lebensaufgabe. Er heilte Tausende von Menschen, aber nicht in seinem Namen, sondern im Namen Jesus. Für Niklaus Wolf läuft der Seligsprechungsprozess. Der Papst sucht neue Vorbilder für eine vaterlose Zeit, in welcher die Familie, die Keimzelle des Gottesvolkes, am Zerfallen ist. Niklaus Wolf kann vielen jungen Menschen die Augen öffnen, dass sie erkennen, dass Materialismus und Egoismus keine Lösung sind, sondern in den Abgrund führen. Wolf war ein vorbildlicher Familienvater. Er hatte zusammen mit seiner Gattin neun Kinder. Fünf erreichten das Erwachsenenalter. Er war der Vater einer Familie, die betete, die täglich Gottes Vatergüte spürte, die umgeben war vom Schutz der Engel, die zusammenhielt und im Vertrauen in die Zukunft schaute. In ihrer Welt gab es keine hoffnungslose Niedergeschlagenheit, keine Langeweile durch Mangel an Lebenssinn, keinen Hass. Sie lebten die Frohbotschaft des Evangeliums.</marc:subfield>
   </marc:datafield>
   <marc:datafield ind1="1" ind2="7" tag="600">
      <marc:subfield code="0">(DE-588)118842226</marc:subfield>
      <marc:subfield code="0">https://d-nb.info/gnd/118842226</marc:subfield>
      <marc:subfield code="0">(DE-101)118842226</marc:subfield>
      <marc:subfield code="a">Wolf, Niklaus</marc:subfield>
      <marc:subfield code="d">1756-1832</marc:subfield>
      <marc:subfield code="2">gnd</marc:subfield>
   </marc:datafield>
   <marc:datafield ind1=" " ind2=" " tag="653">
      <marc:subfield code="a">(VLB-FS)Heiliger Laie</marc:subfield>
   </marc:datafield>
   <marc:datafield ind1=" " ind2=" " tag="653">
      <marc:subfield code="a">(VLB-PF)BC: Paperback</marc:subfield>
   </marc:datafield>
   <marc:datafield ind1=" " ind2=" " tag="653">
      <marc:subfield code="a">(VLB-WI)1: Hardcover, Softcover, Karte</marc:subfield>
   </marc:datafield>
   <marc:datafield ind1=" " ind2=" " tag="653">
      <marc:subfield code="a">(VLB-WG)543: Religion, Theologie / Biografien</marc:subfield>
   </marc:datafield>
   <marc:datafield ind1=" " ind2="7" tag="655">
      <marc:subfield code="0">(DE-588)4006804-3</marc:subfield>
      <marc:subfield code="0">https://d-nb.info/gnd/4006804-3</marc:subfield>
      <marc:subfield code="0">(DE-101)040068048</marc:subfield>
      <marc:subfield code="a">Biografie</marc:subfield>
      <marc:subfield code="2">gnd-content</marc:subfield>
   </marc:datafield>
   <marc:datafield ind1=" " ind2="7" tag="655">
      <marc:subfield code="a">Biographie</marc:subfield>
      <marc:subfield code="2">gnd</marc:subfield>
   </marc:datafield>
   <marc:datafield ind1="0" ind2="0" tag="689">
      <marc:subfield code="0">(DE-588)118842226</marc:subfield>
      <marc:subfield code="0">https://d-nb.info/gnd/118842226</marc:subfield>
      <marc:subfield code="0">(DE-101)118842226</marc:subfield>
      <marc:subfield code="D">p</marc:subfield>
      <marc:subfield code="a">Wolf, Niklaus</marc:subfield>
      <marc:subfield code="d">1756-1832</marc:subfield>
   </marc:datafield>
   <marc:datafield ind1="0" ind2="1" tag="689">
      <marc:subfield code="A">f</marc:subfield>
      <marc:subfield code="a">Biographie</marc:subfield>
   </marc:datafield>
   <marc:datafield ind1="0" ind2=" " tag="689">
      <marc:subfield code="5">DE-101</marc:subfield>
      <marc:subfield code="5">DE-101</marc:subfield>
   </marc:datafield>
   <marc:datafield ind1="1" ind2="2" tag="700">
      <marc:subfield code="a">Huber, Georges</marc:subfield>
      <marc:subfield code="d">1910-2003</marc:subfield>
      <marc:subfield code="2">gnd</marc:subfield>
      <marc:subfield code="t">Nicolas Wolf</marc:subfield>
      <marc:subfield code="g">dt.</marc:subfield>
   </marc:datafield>
   <marc:datafield ind1=" " ind2=" " tag="850">
      <marc:subfield code="a">DE-101a</marc:subfield>
   </marc:datafield>
   <marc:datafield ind1="r" ind2=" " tag="925">
      <marc:subfield code="a">ra</marc:subfield>
   </marc:datafield>
</marc:record>
